000 00290nam a22001337a 4500
008 170627b xxu||||| |||| 00| 0 eng d
020 _a9780972993791
041 _aeng
080 _a5
100 _a21
101 _aGJL
245 _aTHINKERS THESAUERUS
_cMELTZER.P.E
942 _2udc
_cBK
999 _c19229
_d19229